00390nam a2200157Ia 4500003000400000005001700004008004100021020001800062040000900080082001700089100002000106245004100126260003600167300000900203650002000212OSt20201020101654.0190216s9999||||xx |||||||||||||| ||und|| a9780099482215 coclc a158.2bMOR/I aMorris, Desmond 0aIntimate Behaviour /cDesmond Morris bVintage Books ,c1994.aLondon: a178p aEnglish General